| 000 | 00613cam a22002411 4500 | ||
|---|---|---|---|
| 001 | sa 65008765 | ||
| 003 | DLC | ||
| 005 | 20260227112157.0 | ||
| 008 | 920227s1964 ii b 000 0 hino | ||
| 010 | _asa 65008765 | ||
| 035 | _a(OCoLC)25357548 | ||
| 040 |
_aDLC _cWaU _dDLC |
||
| 042 | _apremarc | ||
| 043 | _aa-ii--- | ||
| 050 | 0 | 0 |
_aPL4650 _b.S6 |
| 100 | 0 | _aSiddhagopāla. | |
| 245 | 1 | 0 | _aKannaḍa sāhitya kā navīna itihāsa. |
| 260 | _c[1964] | ||
| 300 |
_a6, 200 p. _c19 cm. |
||
| 500 | _aIn Hindi. | ||
| 504 | _aBibliography: p. 194. | ||
| 650 | 0 |
_aKannada literature _xHistory and criticism. |
|
| 999 |
_c65850 _d65850 |
||